[Event "FE Carnevale GM Elite 2021"]
[Site "Bassano del Grappa"]
[Date "2021.02.16"]
[Round "8.4"]
[White "Subelj, Jan"]
[Black "Bernadskiy, Vitaliy"]
[Result "1/2-1/2"]
[WhiteElo "2418"]
[BlackElo "2600"]
[Annotator "TA"]
[PlyCount "74"]
[EventDate "2021.02.12"]
[EventType "tourn"]
[EventCountry "ITA"]
[SourceTitle "playchess.com"]
[Source "ChessBase"]
[SourceQuality "1"]

{[%evp 9,74,24,27,21,26,18,22,18,29,32,64,72,60,56,54,57,69,64,75,47,77,83,98,104,91,80,97,100,120,126,129,102,138,108,103,104,113,111,110,107,125,106,105,27,24,24,35,0,0,0,0,0,11,8,8,8,8,0,0,0,0,0,0,0,0,0,29980]} 1. e4 c5 2. Nf3 d6 3. Bb5+ Nd7 4. a4 a6 5. Be2 b6 6. Nc3 {B51: Sicilian: Moscow Variation (3 Bb5+) without 3...Bd7.} Ngf6 7. d4 cxd4 8. Qxd4 Bb7 9. O-O {[#]} g6 $146 ({Predecessor:} 9... e6 10. Rd1 Qc7 11. Be3 Ng4 12. Bg5 h6 13. Bh4 Nge5 14. Nxe5 dxe5 15. Qc4 Qxc4 16. Bxc4 {½-½ (35) Carlsen,M (2862)-Nepomniachtchi,I (2784) chess24.com INT 2020}) 10. e5 dxe5 11. Nxe5 Nxe5 12. Qxe5 {[#] Rd1 is the strong threat.} Bg7 13. Rd1 Qc8 14. Be3 O-O 15. Qxe7 Re8 16. Qb4 Re6 17. Rd2 ({But not} 17. Bxb6 $2 Qc6 $19) 17... Qe8 18. Rad1 (18. Bxb6 $2 Qc6 $19) 18... h5 19. Qf4 ({Don't blunder} 19. Bxb6 $2 Qc6 $19) 19... Rc8 20. Rd6 Rxd6 21. Qxd6 Ng4 22. Bxg4 ({Much worse is} 22. Bxb6 Rxc3 23. bxc3 Qxe2 $15) 22... hxg4 23. Qxb6 Ba8 24. Qxa6 Rb8 25. Qc4 Rxb2 {[#]} 26. Nb5 ({White should try} 26. Nd5 $1 $16) 26... Qe4 $11 27. Qxe4 Bxe4 28. Bd4 (28. h3 {seems wilder.} gxh3 29. gxh3 Bxc2 30. Rd8+ Kh7 31. Nd6) 28... Rxc2 {The position is equal.} 29. Bxg7 Kxg7 {[%mdl 4096] Endgame KRB-KRN} 30. Ra1 Rc5 31. Nd6 Bc6 32. a5 {next a6 is good for White.} Kf6 33. f3 gxf3 34. gxf3 Bxf3 35. Rf1 {aiming for Ne4+.} Rg5+ 36. Kf2 Ba8 37. Ke3+ Ke5 $2 {[%mdl 40960] Weighted Error Value: White=0.11/Black=0.06. An unexpected result.} (37... Ke7 $11 38. Nxf7 Rxa5) 1/2-1/2

[Event "FE Carnevale GM Elite 2021"]
[Site "Bassano del Grappa"]
[Date "2021.02.16"]
[Round "8.5"]
[White "Brilej, Jaka"]
[Black "Kuhn, Clement"]
[Result "1/2-1/2"]
[WhiteElo "2268"]
[BlackElo "2240"]
[Annotator "TA"]
[PlyCount "84"]
[EventDate "2021.02.12"]
[EventType "tourn"]
[EventCountry "ITA"]
[SourceTitle "playchess.com"]
[Source "ChessBase"]
[SourceQuality "1"]

{[%evp 24,84,-10,-24,-13,-51,-45,-54,0,-60,-60,-46,-50,-59,-52,-59,-52,-59,0,-8,0,-68,-65,-68,-70,-120,-112,-254,-74,-344,-327,-291,-240,-315,-311,-214,-125,-128,-128,-130,-128,-174,-168,-232,-214,-210,-8,-20,0,0,212,0,0,-47,0,0,1,6,13,23,9,0,91]} 1. e4 e6 2. d4 d5 3. Nc3 Nf6 4. e5 Nfd7 5. f4 c5 6. Nf3 Nc6 7. Be3 cxd4 8. Nxd4 Bc5 9. Qd2 O-O 10. O-O-O a6 11. h4 Nxd4 12. Bxd4 b5 {[%cal Bb7b5,Bb5b4][%mdl 32]} 13. h5 $1 {[%mdl 4] is more profitable than 13.Rh3 at the moment.} b4 {C11: French: Classical System: 4 e5 and 4 Bg5 dxe4.} 14. Ne2 a5 15. Kb1 Ba6 ({Black should try} 15... Qb6 $15) 16. Nc1 (16. f5 $1 $11) 16... Bxd4 $15 17. Qxd4 Qc7 {[#]} 18. g4 $146 ({Predecessor:} 18. Qd2 Nc5 19. Bd3 Rfb8 20. h6 g6 21. Nb3 a4 22. Nxc5 Qxc5 23. Rh3 Rc8 24. Bxa6 Rxa6 {0-1 (39) Schnider,G (2425)-Tratar,M (2454) Austria 2019}) 18... Rfc8 19. Rh2 Bxf1 20. Rxf1 Ra6 (20... Nc5 $15) 21. Nd3 Rc6 {[%cal Rc6c2]} 22. Rc1 (22. Qf2 $11) 22... Rc4 23. Qf2 a4 24. Qe1 Nc5 $36 {[%mdl 2048] White is under strong pressure.} 25. Rh1 (25. Nxc5 $17 {was called for.} Qxc5 26. Qf2) 25... Qb8 $2 (25... Nxd3 $19 26. cxd3 Rc2) 26. Qh4 {[%mdl 8192]} (26. Nxc5 $17 R4xc5 27. Qf2) 26... b3 $19 27. Nxc5 bxa2+ ({Not} 27... R4xc5 28. cxb3 Qb4 29. Rxc5 $17) 28. Ka1 {[#] Black must now prevent h6.} R4xc5 ({Much less strong is} 28... R8xc5 29. Qe7 $19) 29. Qf2 a3 ({Better is} 29... Rc4 $19 30. Rhg1 Qb4) 30. b3 $17 Qb4 {( -> ...Qc3+)} 31. Rh3 Qe4 {[%cal Rc5c2]} 32. Rh2 Rc3 33. Qd2 (33. Re1 $142 Qxc2 34. Qxc2 Rxc2 35. Rxc2 Rxc2 36. Rd1) 33... d4 $19 {Threatens to win with ...d3.} 34. Kxa2 Qd5 $2 (34... h6 $19 35. Rf2 Qd5) 35. Qg2 $1 $11 {[%cal Rg2d5]} Qb5 36. Rd1 Rd8 $2 {[#]} (36... f5 $11 37. Rxd4 fxg4 38. Qxg4 Rxc2+ 39. Rxc2 Rxc2+ 40. Kxa3 Kf7) 37. Qe4 $2 ({Only move:} 37. Rxd4 $1 $18 {[%mdl 512]} Rf8 (37... Rd5 38. g5) 38. Rd6) 37... Qc5 38. Rdd2 h6 (38... d3 $5 {[%cal Rd8c8]} 39. Qg2 Qb4 40. Rxd3 Rcxd3 41. cxd3 Qxf4 $11) 39. g5 hxg5 {...Re3 is the strong threat.} 40. h6 g6 {aiming for ...g4.} 41. h7+ Kh8 {Hoping for ...g4.} 42. fxg5 {And now Qf4 would win.} Qd5 {Whites escaped into a draw.  Weighted Error Value: White=0.46/Black=0.45} (42... d3 $1 $11) 1/2-1/2

[Event "FE Carnevale GM Elite 2021"]
[Site "Bassano del Grappa"]
[Date "2021.02.16"]
[Round "9.1"]
[White "Kuhn, Clement"]
[Black "Suarez Uriel, Adrian"]
[Result "1/2-1/2"]
[WhiteElo "2240"]
[BlackElo "2360"]
[Annotator "TA"]
[PlyCount "153"]
[EventDate "2021.02.12"]
[EventType "tourn"]
[EventCountry "ITA"]
[SourceTitle "playchess.com"]
[Source "ChessBase"]
[SourceQuality "1"]

{[%evp 23,153,26,46,46,59,35,32,65,43,64,136,55,54,43,78,74,90,55,62,63,56,54,80,40,25,20,42,55,39,31,28,35,55,27,33,0,33,20,20,8,8,5,7,7,8,0,10,0,6,-53,-45,-57,-56,-63,-56,-40,-40,-40,-40,-40,-40,-79,-79,-94,-40,-260,-253,-251,-251,-243,-220,-209,-180,-210,-161,-273,-268,-199,-127,-112,-103,-112,-331,-350,-274,-362,-327,-177,-53,-53,-38,-38,-38,-45,-24,-24,-8,-8,-8,-8,-8,-8,-8,-8,-8,-8,-8,-8,-8,-8,-8,-8,-8,-8,-8,-8,-8,-8,-8,-8,0,-8,-8,-8,-8,-8,-8,-8,-8,-8,-8,-8]} 1. Nf3 Nf6 2. g3 b6 3. Bg2 Bb7 4. b3 e6 5. O-O c5 6. c4 Nc6 7. Bb2 Be7 8. Nc3 O-O 9. e3 d5 10. cxd5 Nxd5 11. Nxd5 exd5 12. d4 Bf6 13. Qd2 {A14: English Opening: 1...e6 with b3 by White.} Rc8 14. dxc5 {aiming for Bxf6.} Bxb2 15. Qxb2 {White is slightly better.} bxc5 16. Rfd1 {[#]} Qb6 $146 (16... Re8 $14) ({Predecessor:} 16... Rc7 17. Nh4 d4 18. Rac1 Rd7 19. Rxc5 dxe3 20. Rxd7 Qxd7 21. Nf5 exf2+ 22. Qxf2 Re8 {0-1 (41) Thiede,L (2139)-Koelle,T (2287) Playchess.com INT 2020}) 17. Rac1 ({White should try} 17. Rxd5 $16 c4 18. Rd2) 17... Rfd8 18. Rd2 a5 19. Ne5 Ne7 20. Qa3 Qb4 21. Qxb4 cxb4 22. Rcd1 f6 23. Nd3 g5 24. Nc1 Kf7 25. Ne2 Rc5 26. Nd4 Bc8 27. Bf3 Bd7 28. Ne2 {[%cal Rf3d5]} Bb5 29. Nd4 Bd7 30. Kg2 Rdc8 31. g4 (31. a3 {is more complex.} bxa3 32. Ra2 g4 33. Be2 h5 34. Rxa3 Rb8 35. h3) 31... Rc1 32. Kg3 Rxd1 (32... h6 {keeps more tension.} 33. h3 R8c5 34. Rxc1 Rxc1 35. Rd1 Rc5) 33. Rxd1 Rc5 34. h3 Nc8 (34... Nc6 {is interesting.} 35. Nf5 Be6 36. Bg2 Kf8 37. Nd6 Ke7) 35. Ne2 Be6 36. Rc1 (36. Kg2 $11) 36... Rxc1 $15 37. Nxc1 {[%mdl 4096] Endgame KBN-KBN} Nd6 38. Ne2 Ne4+ $1 39. Bxe4 dxe4 {KB-KN} 40. Nd4 Bd5 41. Kg2 Ke7 42. Kg3 Kd6 43. Kg2 Bb7 (43... Kc5 $17) 44. Kg3 $2 ({White should play} 44. Kf1 $1 $15) 44... Ba6 $19 45. f4 exf3 46. Nxf3 Bd3 47. Nd2 Kc5 48. Kf3 Kb5 49. Kg3 (49. h4 $142) 49... a4 50. Kf3 a3 (50... Bc2 $19 51. Kf2 axb3 52. axb3 Kb6) 51. Kg3 Kc5 52. Kf3 Kd5 $2 (52... f5 $17) 53. Kg3 Ke5 54. h4 gxh4+ 55. Kxh4 Be2 (55... Ba6 $19 56. Kg3 Be2) 56. Kg3 $15 h5 57. gxh5 Bxh5 58. Kf2 f5 59. Ke1 f4 60. exf4+ {The position is equal.} Kd4 61. f5 Kc3 62. Nc4 $1 Kc2 {[#] White must now prevent ...Kb1.} (62... Bf7 $5 63. Na5 $8 Kb2 $11) 63. Na5 Kb2 64. Nc6 Kxa2 65. Nxb4+ Kxb3 66. Kd2 $1 Kb2 67. f6 Bg6 68. Nd3+ Kb3 69. Nc1+ Kc4 70. Na2 Kd4 71. Kc1 Kc4 (71... Ke5 {feels hotter.} 72. f7 Bxf7 73. Kb1 Kd6 74. Ka1 Kc5) 72. f7 Bxf7 {[#] Strongly threatening ...Bg6.} 73. Kb1 Bg6+ 74. Ka1 Kb3 75. Nc1+ Kc2 76. Ka2 Kxc1 77. Kxa3 {And White is the lucky defender.  Weighted Error Value: White=0.26/Black=0.15} 1/2-1/2

[Event "FE Carnevale GM Elite 2021"]
[Site "Bassano del Grappa"]
[Date "2021.02.16"]
[Round "9.4"]
[White "Blohberger, Felix"]
[Black "Moroni, Luca Jr"]
[Result "1/2-1/2"]
[WhiteElo "2477"]
[BlackElo "2573"]
[Annotator "TA"]
[PlyCount "40"]
[EventDate "2021.02.12"]
[EventType "tourn"]
[EventCountry "ITA"]
[SourceTitle "playchess.com"]
[Source "ChessBase"]
[SourceQuality "1"]

{[%evp 10,40,17,16,52,59,60,44,56,59,44,51,66,73,80,61,78,45,63,40,44,37,41,41,40,42,60,15,15,7,8,8,18]} 1. e4 g6 2. d4 Bg7 3. Nf3 d6 4. Be3 Nf6 5. Nc3 O-O 6. Qd2 d5 {B08: Pirc Defence: Classical System.} 7. e5 Ne4 8. Nxe4 dxe4 {White is slightly better.} 9. Ng5 c5 10. c3 ({Don't play} 10. Nxe4 cxd4 11. Qxd4 (11. Bxd4 Nc6 $15) 11... Qxd4 $11) 10... cxd4 11. cxd4 Nc6 12. Nxe4 Bf5 {[#]} 13. Ng3 $146 ({Predecessor:} 13. Nc3 Qa5 14. Bc4 Rad8 15. f4 Qb4 16. b3 a6 17. a3 Qa5 18. O-O b5 19. Bd5 Nxd4 20. Qxd4 {1-0 (75) Shubin,K (2462)-Barrionuevo,P (2259) Chess.com INT 2020}) 13... Be6 14. Be2 f6 15. exf6 Bxf6 16. O-O Nxd4 17. Rfd1 {[%cal Re3d4]} Nc6 18. Ne4 (18. Qc2 $5 {[%cal Rd1d8]} Qc7 19. Ne4 $14) 18... Qxd2 {The position is equal.} 19. Nxf6+ exf6 20. Rxd2 Rfd8 {Weighted Error Value: White=0.10/Black=0.08} 1/2-1/2

[Event "FE Carnevale GM Elite 2021"]
[Site "Bassano del Grappa"]
[Date "2021.02.16"]
[Round "9.5"]
[White "Dardha, Daniel"]
[Black "Martin Duque, Jesus"]
[Result "1/2-1/2"]
[WhiteElo "2503"]
[BlackElo "2438"]
[Annotator "TA"]
[PlyCount "40"]
[EventDate "2021.02.12"]
[EventType "tourn"]
[EventCountry "ITA"]
[SourceTitle "playchess.com"]
[Source "ChessBase"]
[SourceQuality "1"]

{[%evp 12,40,44,38,56,32,21,33,32,20,39,39,55,35,41,40,54,32,64,45,77,35,47,31,60,35,41,36,40,-36,28]} 1. Nf3 Nf6 2. c4 e6 3. Nc3 Bb4 4. d4 c5 5. e3 Nc6 6. Bd3 d6 7. Bd2 {is the legacy move (7.0-0).} e5 {[%cal Re5d4] E41: Nimzo-Indian: Rubinstein: 4...c5 5 Bd3, including Hübner Variation.} 8. dxe5 dxe5 9. Qc2 h6 {White is slightly better.} 10. a3 Bxc3 11. Bxc3 Qe7 12. Nd2 O-O {[#]} 13. O-O $146 ({Predecessor:} 13. O-O-O Nb4 14. Qb1 Nxd3+ 15. Qxd3 Rd8 16. Qc2 Bg4 17. f3 Bd7 18. g4 Bc6 19. Qf5 {1-0 (38) Lesiege,A (2505)-Vulicevic,N (2320) New York 1993}) 13... Be6 14. b3 a5 15. Ne4 Ne8 16. Qb2 f5 17. Ng3 Bd7 18. f4 {[%cal Rf4e5]} e4 19. Be2 Be6 20. Nh1 (20. Rfd1 $14) 20... Nf6 {Weighted Error Value: White=0.22/Black=0.12} (20... a4 $1 $15) 1/2-1/2